书目信息 |
| 题名: |
国家的启蒙
|
|
| 作者: | 马国川 著 | |
| 分册: | ||
| 出版信息: | 北京 中信出版集团股份有限公司 2018 |
|
| 页数: | 386页 | |
| 开本: | 21cm | |
| 丛书名: | ||
| 单 册: | ||
| 中图分类: | K313.07 | |
| 科图分类: | ||
| 主题词: | ||
| 电子资源: | ||
| ISBN: | 978-7-5086-8559-5 | |
| 000 | 00794nam0 2200229 450 | |
| 001 | 012001005660 | |
| 005 | 20080820152506.0 | |
| 010 | @a978-7-5086-8559-5@b精装@dCNY58.00 | |
| 100 | @a20180714d2018 em y0chiy50 ea | |
| 101 | 0 | @achi |
| 102 | @aCN@b110000 | |
| 105 | @ay z 000yy | |
| 106 | @ar | |
| 200 | 1 | @a国家的启蒙@9guo jia de qi meng@e日本帝国崛起之源@f马国川著 |
| 210 | @a北京@c中信出版集团股份有限公司@d2018 | |
| 215 | @a386页@d21cm | |
| 330 | @a本书通过描写1853年到1912年这60年间日本重要历史人物和重大历史事件,记录了日本奋起追赶、建设现代国家的历程,也分析了日本后来走上军国主义道路的内在原因。 | |
| 607 | @a日本@x历史@x研究 | |
| 690 | @aK313.07@v5 | |
| 701 | 0 | @a马国川@9ma guo chuan@f(1971-)@4著 |
| 801 | 0 | @aCN@b上海新华@c20181010 |
| 905 | @b1174896-900@dK313.07@e78@f5 | |
| 国家的启蒙:日本帝国崛起之源/马国川著.-北京:中信出版集团股份有限公司,2018 |
| 386页;21cm |
| ISBN 978-7-5086-8559-5(精装):CNY58.00 |
| 本书通过描写1853年到1912年这60年间日本重要历史人物和重大历史事件,记录了日本奋起追赶、建设现代国家的历程,也分析了日本后来走上军国主义道路的内在原因。 |
| ● |
| 相关链接 |
|
|
|
|
正题名:国家的启蒙
索取号:K313.07/78
 
预约/预借
| 序号 | 登录号 | 条形码 | 馆藏地/架位号 | 状态 | 备注 |
| 1 | 1174896 | 211748965 | 第二样本阅览室/ [索取号:K313.07/78] | 在馆 | |
| 2 | 1174897 | 211748974 | 密集书库-史法系/ [索取号:K313.07/78] | 在馆 | |
| 3 | 1174898 | 211748983 | 第二借阅区/ [索取号:K313.07/78] | 在馆 | |
| 4 | 1174899 | 211748992 | 第二借阅区/ [索取号:K313.07/78] | 在馆 | |
| 5 | 1174900 | 211749009 | 第二借阅区/ [索取号:K313.07/78] | 在馆 |